Wordt geladen...

Mehdi Hassan : athirukalillatha sangeetham /

Bibliografische gegevens
Hoofdauteur: Hassan Koya, C.K
Formaat: Printed Book
Taal:Malayalam
Gepubliceerd in: Calicut : Redcherry books, 2015.
Onderwerpen:
LEADER 00610nam a22001697a 4500
008 160513b xxu||||| |||| 00| 0 mal d
020 |c INR 
082 |a 782 
100 |a Hassan Koya, C.K. 
245 |a Mehdi Hassan :  |b athirukalillatha sangeetham /  |c  C.K.Hassan Koya 
260 |a Calicut :  |b Redcherry books,  |c 2015. 
300 |a 130 p. ; 
650 |a Gazals  |v Life sketches  |x Malayalam 
942 |c BK 
546 |a In malayalam 
999 |c 285200  |d 285200 
952 |0 0  |1 0  |4 0  |6 782_000000000000000_HAS_M  |7 0  |9 323619  |a FLK  |b FLK  |c ST1  |d 2016-05-13  |e BK  |g 220.00  |i 4875  |l 1  |m 3  |o 782 HAS/M  |p FLK4875  |r 2021-03-23  |s 2020-02-27  |w 2016-05-13  |y BK